The emperor of all maladies: (Record no. 50724)
[ view plain ]
| 000 -LEADER | |
|---|---|
| fixed length control field | 00834nam a22002297a 4500 |
| 005 - DATE AND TIME OF LATEST TRANSACTION | |
| control field | 20210216155210.0 |
| 010 ## - LCCN (DPL NO) | |
| LC control number | B-422618 B-736894 |
| 020 ## - INTERNATIONAL STANDARD BOOK NUMBER | |
| International Standard Book Number | 9780007428052 |
| Terms of availability | 499.00 |
| 035 ## - SYSTEM CONTROL NUMBER | |
| System control number | B-422618 |
| 035 ## - SYSTEM CONTROL NUMBER | |
| System control number | B-736894 |
| 037 ## - SOURCE OF ACQUISITION | |
| Source of stock number/acquisition | UBH |
| 082 ## - DEWEY DECIMAL CLASSIFICATION NUMBER | |
| Classification number | 615 |
| 100 ## - MAIN ENTRY--PERSONAL NAME | |
| Personal name | Mukherjee, Siddhartha |
| 245 ## - TITLE STATEMENT | |
| Title | The emperor of all maladies: |
| Remainder of title | a biography of cancer / |
| Statement of responsibility, etc | by Siddhartha Mukherjee |
| 260 ## - PUBLICATION, DISTRIBUTION, ETC. (IMPRINT) | |
| Place of publication, distribution, etc | London |
| Name of publisher, distributor, etc | Harper Collins Publishers |
| Date of publication, distribution, etc | 2011 |
| 270 ## - ADDRESS | |
| Address | 77-85, Fulham palace Road |
| City | London |
| 300 ## - PHYSICAL DESCRIPTION | |
| Extent | xiv, 571p. |
| Other physical details | ill. |
| Dimensions | 21cm(Pbk) |
| 500 ## - GENERAL NOTE | |
| General note | Includes bibliography and index |
| 942 ## - ADDED ENTRY ELEMENTS (KOHA) | |
| Source of classification or shelving scheme | Dewey Decimal Classification |
| Item type | English Books |
| Classification part | 615 |
| Call number suffix | MUK |
| Withdrawn status | Lost status | Not for loan | Collection code | Home library | Current library | Date acquired | Source of acquisition | Cost, normal purchase price | Full call number | Barcode | Copy number | Cost, replacement price | Koha item type |
|---|---|---|---|---|---|---|---|---|---|---|---|---|---|
| Non-fiction | Central Library | Central Library | 16/02/2021 | Gift/Eng/03-02-2021 | 499.00 | 615 MUK | B-736894 | 1 | 499.00 | English Books | |||
| Non-fiction | Sarojini Nagar | Sarojini Nagar | 22/02/2011 | UBH?265/14.02.2011/22.02.2011 | 499.00 | 615 MUK | B-422618 | 1 | 499.00 | English Books |
